| 000 | 00594nam a22002177a 4500 | ||
|---|---|---|---|
| 999 |
_c9005 _d9005 |
||
| 001 | 9005 | ||
| 003 | BD-JhCC | ||
| 005 | 20181006170407.0 | ||
| 008 | 180306b xxu||||| |||| 00| 0 eng d | ||
| 035 | _a(BD-JhCC) 9005 | ||
| 040 |
_aBD-JhCC _dBD-JhCC |
||
| 041 | _aeng | ||
| 082 |
_a923.42 _bREY 1965 |
||
| 100 | _aReynolds, E.E | ||
| 245 |
_aSir Thomas More / _c E.E Reynolds |
||
| 260 |
_aLondon : _bPublished for the British Council and the National Book League by Longmans, Green & Co. _c1965 |
||
| 300 |
_a35 p .: _c22 cm . |
||
| 650 | _aBiography | ||
| 942 |
_2ddc _cBK |
||